El gerenciamiento agropecuario en el siglo XXI : bases para una competitividad sustentable /
Sector agroalimentario argentino -- Empresa agropecuaria -- Administración rural -- Costos actividad agropecuaria -- Gestión del cambio -- Administración y riesgo
Guardado en:
| Autor Principal: | |
|---|---|
| Formato: | Libro |
| Idioma: | Undetermined |
| Publicado: |
Buenos Aires :
Osmar D Buyatti,
2005.
|
| Materias: | |
| Etiquetas: |
Agregar Etiqueta
Sin Etiquetas, Sea el primero en etiquetar este registro!
|
| LEADER | 00840nam a22001935a 4500 | ||
|---|---|---|---|
| 001 | CEM.cems019799 | ||
| 008 | 221024s2005####ag############000#0#und#d | ||
| 005 | 20221024123753.0 | ||
| 245 | 1 | 0 | |a El gerenciamiento agropecuario en el siglo XXI : |b bases para una competitividad sustentable / |c Regina Durán ; Liliana Scoponi. |
| 260 | |a Buenos Aires : |b Osmar D Buyatti, |c 2005. | ||
| 300 | |a 560 p. ; |c 22 cm. | ||
| 520 | |a Sector agroalimentario argentino -- Empresa agropecuaria -- Administración rural -- Costos actividad agropecuaria -- Gestión del cambio -- Administración y riesgo | ||
| 020 | |a 9871140312 | ||
| 100 | 1 | |a Durán, Regina, |d 2005. | |
| 082 | 0 | 4 | |a 658.9 |
| 653 | |a Empresas agropecuarias | ||
| 653 | |a Gerenciamiento agropecuarios | ||
| 653 | |a Competitividad sustentable | ||
| 859 | |a CEMS |b BIB. CEMS - Agricultura |h 658.9 |i D135 |p A3445.21 |t Ej.1 | ||
